000 00468nam a2200181Ia 4500
001 12349
003 IN-NITTTR
005 20251114233115.0
008 251113s9999||||xx |||||||||||||| ||eng||
040 _beng
040 _cIN-NITTTR
041 _aeng
082 _a005.133 S64B
100 _aSingelmann, Jay
245 0 _aBusiness programming logic :
_b a structured approach /
_cSingelmann, Jay, Longhurst, Jean
700 _a Longhurst, Jean
942 _2ddc
_cBK
999 _c14985
_d14985